[Event "SRI-ch (Women)"]
[Site "Colombo"]
[Date "2012.03.31"]
[Round "11"]
[White "Gunaratne, Manisha Suchini"]
[Black "Jayathilake, Mihirani"]
[Result "1-0"]
[WhiteElo "1567"]
[BlackElo "1698"]
[PlyCount "37"]
[EventDate "2012.03.23"]
[EventType "tourn"]
[EventRounds "11"]
[EventCountry "SRI"]
[SourceTitle "EXT 2013"]
[Source "ChessBase"]
[SourceDate "2012.11.22"]
[SourceVersion "1"]
[SourceVersionDate "2012.11.22"]
[SourceQuality "1"]

1. e4 e5 2. Nf3 Nc6 3. Bb5 a6 4. Ba4 b5 5. Bb3 Bb7 6. 0-0 h6 7. c3 Nf6 8. Re1 Be7 9. d4 d5 10. Nbd2 0-0 11. Bc2 Nd7 12. Nf1 Bf6 13. Ng3 Ne7 14. h3 Ng6 15. Nh2 Re8 16. Nf5 Bg5 17. Bb3 Nf4 18. Bxf4 exf4 19. Qh5 1-0